000 00399nam a2200157Ia 4500
008 221030s9999 xx 000 0 und d
020 _a8123906897
041 _aEnglish
082 _a105.23
_bDas
100 _aA. K. Das
245 0 _aFundamental Cocepts Of Inorganic Chemistry - Part I
_cby A. K. Das
260 _bCBS Pub
_aNew Delhi
_c2000
300 _a414
650 _aChemistry
942 _cBK
999 _c6603
_d6603